[Event "Fagernes Chess International 2014"]
[Site "Fagernes"]
[Date "2014.04.13"]
[Round "3"]
[White "Kløfsrud, August Kristiansen"]
[Black "Arntsen, Frode"]
[Result "1-0"]
[WhiteElo "1110"]
[BlackElo "1803"]
[PlyCount "71"]
[EventDate "2014.??.??"]

1. d4 Nf6 2. c4 g6 3. Nc3 Bg7 4. e4 d6 5. Be3 O-O 6. Be2 Nc6 7. Nf3 e5 8. d5
Ne7 9. b4 Nd7 10. O-O f5 11. Ng5 Nf6 12. f3 Nh5 13. c5 Bh6 14. cxd6 cxd6 15.
Bc1 Nf4 16. h4 Bg7 17. Bc4 Qb6+ 18. Kh1 Qxb4 19. Qb3 Qxb3 20. Bxb3 h6 21. Ne6
Nxe6 22. dxe6 fxe4 23. Ba3 exf3 24. Bxd6 Re8 25. Nb5 Nf5 26. e7+ Kh7 27. Nc7
fxg2+ 28. Kxg2 Nxd6 29. Nxe8 Nxe8 30. Rf8 Nf6 31. Kg1 e4 32. Bg8+ Nxg8 33. e8=Q
Bd4+ 34. Kh2 Bf5 35. Qf7+ Bg7 36. Qxg8#
1-0

[Event "Fagernes Chess International 2014"]
[Site "Fagernes"]
[Date "2014.04.13"]
[Round "3"]
[White "Heitun, Odd Gunnar"]
[Black "Ayzenberg, Alena"]
[Result "0-1"]
[WhiteElo "1273"]
[BlackElo "1929"]
[PlyCount "218"]
[EventDate "2014.??.??"]

1. Nf3 d5 2. c4 c6 3. g3 Nf6 4. Bg2 g6 5. b3 Bg7 6. Bb2 O-O 7. O-O Nbd7 8. d3
b6 9. Nbd2 Bb7 10. b4 c5 11. b5 d4 12. Re1 Qc7 13. e4 e5 14. h3 a6 15. a4 axb5
16. axb5 Rxa1 17. Bxa1 Ra8 18. Qb3 Ne8 19. Nh2 Bh6 20. Ndf1 Bc8 21. Bb2 Ra5 22.
Ra1 Rxa1 23. Bxa1 Qa7 24. Bb2 Nd6 25. Qa3 Qxa3 26. Bxa3 Nf6 27. Nf3 Nd7 28.
N1h2 Nb7 29. Ng4 Bg7 30. Bc1 f6 31. Bd2 h5 32. Ngh2 Kf7 33. Kf1 g5 34. g4 h4
35. Ke1 Nf8 36. Ng1 Ne6 37. Ne2 Ke7 38. Kd1 Kd7 39. Kc2 Bf8 40. Kb3 Bd6 41. Nf3
Bc7 42. Ka4 Nd6 43. Ne1 Nf7 44. Bf1 Ke7 45. Ng2 Nh8 46. f3 Ng6 47. Kb3 Bd6 48.
Bc1 Nc7 49. Bd2 Be6 50. Ka4 Bd7 51. Ka3 Nf8 52. Kb2 Nfe6 53. Nc1 Nd8 54. Nb3
Nce6 55. Nc1 Nb7 56. Nb3 Nc7 57. Kc2 Na8 58. Kb2 Bc7 59. Ka3 Bd6 60. Kb2 Nc7
61. Ne1 Nxb5 62. cxb5 Bxb5 63. Nc2 Ba6 64. Na3 Bc7 65. Nc4 Kd7 66. Kc2 Nd8 67.
Nb2 Nc6 68. Na4 Kd6 69. Nb2 b5 70. Be2 Bc8 71. Nd1 Be6 72. Nb2 Bb6 73. Bf1 Kc7
74. Be2 Kb7 75. Bd1 c4 76. dxc4 bxc4 77. Nc1 Bc5 78. Na4 Ba3 79. Kb1 Na7 80.
Be1 Kc6 81. Ne2 Nb5 82. Ba5 Be7 83. Be1 Na3+ 84. Kc1 Kb5 85. Nac3+ Kc5 86. Bf2
Bd7 87. Nd5 Bd8 88. f4 Bc6 89. fxe5 fxe5 90. Nec3 Nb5 91. Na4+ Kd6 92. Bf3 Bxd5
93. exd5 Ba5 94. Nb2 Na3 95. Nd1 c3 96. Be4 Nc4 97. Be1 Nb6 98. Kc2 Nxd5 99.
Bf2 Nf4 100. Bxd4 exd4 101. Nf2 Bb6 102. Bf5 Bd8 103. Ne4+ Kd5 104. Nf2 Kc4
105. Bd3+ Nxd3 106. Nxd3 Kd5 107. Nf2 Ke5 108. Kd3 Bb6 109. Ne4 c2
0-1

[Event "Fagernes Chess International 2014"]
[Site "Fagernes"]
[Date "2014.04.13"]
[Round "3"]
[White "Skaug, Thorbjørn"]
[Black "Skjølingstad, Sverre"]
[Result "1/2-1/2"]
[WhiteElo "1631"]
[BlackElo "1073"]
[PlyCount "68"]
[EventDate "2014.??.??"]

1. b4 e5 2. Bb2 Bxb4 3. Bxe5 Nf6 4. Nc3 O-O 5. Bxf6 Qxf6 6. Nd5 Qd6 7. Nxb4
Qxb4 8. c3 Qe7 9. e3 Nc6 10. Nf3 d6 11. Be2 Bg4 12. Rb1 b6 13. Qa4 Bd7 14. Qc2
g6 15. Qc1 Bf5 16. Rb2 Bg4 17. Qd1 Qe4 18. Qb1 Qxb1+ 19. Rxb1 Ne5 20. Nxe5 Bxe2
21. Kxe2 dxe5 22. Rhd1 c5 23. d4 exd4 24. exd4 cxd4 25. cxd4 f5 26. f4 Rad8 27.
Rb3 Rf6 28. Rbd3 Kf7 29. Rc3 Re6+ 30. Re3 Rd5 31. Rxe6 Kxe6 32. Kd3 Kd6 33. Rc1
b5 34. Rc8 Ke6
1/2-1/2

[Event "Fagernes Chess International 2014"]
[Site "Fagernes"]
[Date "2014.04.13"]
[Round "3"]
[White "Berntsen-Øybø, August"]
[Black "Heier, Odin Nikolai"]
[Result "1/2-1/2"]
[WhiteElo "1545"]
[BlackElo "1488"]
[PlyCount "63"]
[EventDate "2014.??.??"]

1. e4 e5 2. Nf3 Nc6 3. d4 exd4 4. Nxd4 Bc5 5. Be3 Qf6 6. c3 Nge7 7. Bc4 O-O 8.
O-O Bb6 9. Bb3 Rd8 10. Nc2 d6 11. Nd2 Be6 12. f4 Bxb3 13. axb3 Ng6 14. Qf3 Re8
15. Rae1 Qe7 16. Qg3 Qd7 17. Bxb6 axb6 18. Ne3 Nge7 19. Ng4 Kh8 20. f5 f6 21.
Qh4 Rf8 22. Rf3 Ng8 23. Rh3 h6 24. Nf3 Ne5 25. Ngxe5 dxe5 26. Qg3 Qf7 27. Nh4
Rfd8 28. Ng6+ Kh7 29. b4 Ra2 30. Qf2 Qb3 31. Rd3 Rxd3 32. Nf8+
1/2-1/2

[Event "Fagernes Chess International 2014"]
[Site "Fagernes"]
[Date "2014.04.13"]
[Round "3"]
[White "Gjertsen, Petter"]
[Black "Juriloo, Karl"]
[Result "0-1"]
[WhiteElo "1815"]
[BlackElo "1409"]
[PlyCount "106"]
[EventDate "2014.??.??"]

1. e4 e5 2. d4 exd4 3. Nf3 Nc6 4. Nxd4 Bc5 5. Nb3 Bb6 6. Nc3 d6 7. Qe2 Be6 8.
Be3 Bxe3 9. Qxe3 Nf6 10. f3 O-O 11. O-O-O a5 12. g4 a4 13. Nd4 Nxd4 14. Qxd4
Ra5 15. Bb5 Bd7 16. Bxd7 Qxd7 17. h4 Rd8 18. Rhe1 c5 19. Qe3 c4 20. e5 Rxe5 21.
Qxe5 dxe5 22. Rxd7 Nxd7 23. Nxa4 Kf8 24. b3 cxb3 25. axb3 Ke7 26. Nc3 f6 27.
Kd2 Nb6+ 28. Ke3 Ke6 29. Rd1 Rxd1 30. Nxd1 Nd5+ 31. Ke4 g6 32. Ne3 f5+ 33.
gxf5+ gxf5+ 34. Kd3 Nxe3 35. Kxe3 Kd5 36. Kd3 b5 37. c4+ bxc4+ 38. bxc4+ Kc5
39. Kc3 e4 40. fxe4 fxe4 41. h5 h6 42. Kb3 Kd4 43. c5 Kxc5 44. Kc3 Kd5 45. Kc2
Ke5 46. Kd2 Kf4 47. Ke2 Kg4 48. Ke3 Kxh5 49. Kxe4 Kg4 50. Ke3 Kg3 51. Ke2 Kg2
52. Ke3 h5 53. Kf4 h4
0-1

[Event "Fagernes Chess International 2014"]
[Site "Fagernes"]
[Date "2014.04.13"]
[Round "3"]
[White "Myhre, Mads Wollan"]
[Black "Landsverk, Ida"]
[Result "0-1"]
[WhiteElo "1487"]
[BlackElo "1160"]
[PlyCount "40"]
[EventDate "2014.??.??"]

1. d4 Nf6 2. c4 c5 3. d5 b5 4. cxb5 a6 5. bxa6 g6 6. Nc3 Bxa6 7. Nf3 d6 8. g3
Bg7 9. Bg2 O-O 10. O-O Nbd7 11. Re1 Qb6 12. e4 Rfb8 13. Nd2 Ne5 14. Bf1 c4 15.
Nf3 Nfg4 16. Nd4 Qxd4 17. Qxd4 Nf3+ 18. Kg2 Nxe1+ 19. Kh3 Bxd4 20. Kxg4 h5+
0-1

[Event "Fagernes Chess International 2014"]
[Site "Fagernes"]
[Date "2014.04.13"]
[Round "4"]
[White "Kristiansen, Willy"]
[Black "Ali, Karim"]
[Result "1-0"]
[WhiteElo "2017"]
[BlackElo "1797"]
[PlyCount "84"]
[EventDate "2014.??.??"]

1. d4 e6 2. c4 f5 3. g3 Nf6 4. Bg2 Be7 5. Nf3 O-O 6. O-O a5 7. Nbd2 Na6 8. a3
Qe8 9. Qc2 d5 10. Ne5 c5 11. dxc5 Nxc5 12. cxd5 exd5 13. Ndf3 Bd6 14. Nd3 Nfe4
15. Bf4 Bxf4 16. Nxf4 Bd7 17. Nd4 Qe5 18. e3 Rac8 19. Nd3 Nxd3 20. Qxd3 Rc4 21.
Rad1 Bc6 22. Rc1 Kh8 23. b3 Rxc1 24. Rxc1 Bd7 25. f3 Nf6 26. Kf2 Re8 27. Qd2 g6
28. Ne2 Kg8 29. Qd4 Qd6 30. a4 g5 31. Rc3 Kf7 32. Qc5 Qxc5 33. Rxc5 b6 34. Rc7
Rc8 35. Rb7 Rc2 36. h3 Rb2 37. f4 h6 38. Bf3 Rxb3 39. Rxd7+ Nxd7 40. Bxd5+ Ke7
41. Bxb3 Nc5 42. Bc2 Kf6
1-0

[Event "Fagernes Chess International 2014"]
[Site "Fagernes"]
[Date "2014.04.13"]
[Round "4"]
[White "Arntsen, Frode"]
[Black "Ødegaard, Per Chr"]
[Result "1-0"]
[WhiteElo "1803"]
[BlackElo "1772"]
[PlyCount "79"]
[EventDate "2014.??.??"]

1. d4 Nf6 2. c4 g6 3. Nc3 Bg7 4. e4 d6 5. f4 O-O 6. Nf3 c6 7. Be2 Nbd7 8. O-O
Qc7 9. Bd2 e5 10. fxe5 dxe5 11. d5 Qb6+ 12. Kh1 Ng4 13. Qe1 Qc7 14. Rc1 f5 15.
Ng5 Ndf6 16. h3 Nh6 17. Qh4 f4 18. g3 Qe7 19. gxf4 Nf7 20. Nxh7 Re8 21. Nxf6+
Bxf6 22. Qg3 Kg7 23. Bh5 Rh8 24. f5 g5 25. Bxf7 Kxf7 26. Rg1 Bd7 27. Nd1 Rxh3+
28. Qxh3 Rh8 29. Qxh8 Bxh8 30. Rxg5 Bf6 31. Rg4 Qf8 32. Nf2 Qc5 33. Kg2 Be8 34.
Rh1 Ke7 35. Rh7+ Bf7 36. Bg5 Qxc4 37. Bxf6+ Kxf6 38. Rgg7 Bh5 39. Ng4+ Bxg4 40.
Rg6#
1-0

[Event "Fagernes Chess International 2014"]
[Site "Fagernes"]
[Date "2014.04.13"]
[Round "4"]
[White "Ayzenberg, Alena"]
[Black "Skjelstad, Erling"]
[Result "1-0"]
[WhiteElo "1929"]
[BlackElo "1667"]
[PlyCount "89"]
[EventDate "2014.??.??"]

1. d4 f5 2. Nf3 Nf6 3. g3 e6 4. Bg2 d5 5. c4 c6 6. O-O Bd6 7. Nbd2 Ne4 8. Ne5
Nd7 9. Nxd7 Bxd7 10. c5 Bc7 11. Nxe4 dxe4 12. f3 exf3 13. Bxf3 O-O 14. e4 f4
15. e5 fxg3 16. hxg3 b6 17. Qe2 Be8 18. Qc4 bxc5 19. dxc5 Qe7 20. Qc3 Rf5 21.
Bf4 g5 22. Bg4 gxf4 23. Bxf5 exf5 24. gxf4 Bf7 25. Rf3 Bh5 26. Rg3+ Bg4 27. Kg2
h5 28. Rc1 Rd8 29. Rd3 Rxd3 30. Qxd3 Qd8 31. Qxd8+ Bxd8 32. Rc3 Kf7 33. Rd3 Be7
34. b4 Ke6 35. Ra3 Kd5 36. Rxa7 Bh4 37. a4 Be1 38. b5 cxb5 39. axb5 Kd4 40.
Ra4+ Ke3 41. e6 Bf3+ 42. Kh2 h4 43. Ra3+ Kxf4 44. Rxf3+ Kxf3 45. e7
1-0

[Event "Fagernes Chess International 2014"]
[Site "Fagernes"]
[Date "2014.04.13"]
[Round "4"]
[White "Bakkejord, Odd Vidar"]
[Black "Skaug, Thorbjørn"]
[Result "1/2-1/2"]
[WhiteElo "1225"]
[BlackElo "1631"]
[PlyCount "80"]
[EventDate "2014.??.??"]

1. d4 b5 2. Bg5 Nf6 3. Nd2 Bb7 4. Ngf3 e6 5. c3 Be7 6. e3 a6 7. Bd3 d6 8. O-O
Nbd7 9. Nb3 c5 10. Nbd2 cxd4 11. cxd4 Rc8 12. Nb3 h6 13. Bh4 Nd5 14. Bxe7 Nxe7
15. Re1 O-O 16. Rc1 Rxc1 17. Nxc1 Qa8 18. e4 Nf6 19. Nd2 Rc8 20. Re3 Rc7 21.
Ncb3 Qc8 22. h3 Nc6 23. Re1 Nb4 24. Bb1 Nc2 25. Re2 Nxd4 26. Re3 Nc2 27. Rd3 d5
28. e5 Nd7 29. f4 Nb4 30. Rg3 Nf8 31. Qh5 Ng6 32. Bxg6 fxg6 33. Qxg6 Kh8 34.
Nc5 Re7 35. Nxb7 Rxb7 36. Rc3 Qd7 37. a3 d4 38. Rg3 Qf7 39. Qg4 Nd5 40. Ne4 Qf5
1/2-1/2

[Event "Fagernes Chess International 2014"]
[Site "Fagernes"]
[Date "2014.04.13"]
[Round "4"]
[White "Bentsen, Håkon"]
[Black "Kløfsrud, August Kristiansen"]
[Result "1-0"]
[WhiteElo "2074"]
[BlackElo "1110"]
[PlyCount "85"]
[EventDate "2014.??.??"]

1. e4 e6 2. d4 d5 3. Nd2 Nf6 4. e5 Nfd7 5. Bd3 c5 6. c3 Nc6 7. Ne2 Be7 8. O-O
O-O 9. Nf3 Rb8 10. Bf4 b5 11. Ng3 b4 12. Rc1 a5 13. Re1 Qb6 14. Bb1 Ba6 15. Bg5
Qd8 16. h4 h6 17. Qc2 g6 18. Bxh6 Re8 19. h5 Bf8 20. hxg6 Bxh6 21. gxf7+ Kf8
22. fxe8=Q+ Qxe8 23. Qh7 Bg7 24. Nh4 Ke7 25. Qxg7+ Kd8 26. Bg6 Qe7 27. Qxe7+
Kxe7 28. Nf3 b3 29. axb3 Rxb3 30. Rb1 c4 31. Bc2 Rb8 32. Ng5 Bb5 33. f4 a4 34.
f5 Rg8 35. f6+ Kf8 36. Nxe6+ Kf7 37. Nc7 Nb6 38. Nf5 Na7 39. Nh6+ Kf8 40. Ne6+
Ke8 41. f7+ Ke7 42. fxg8=Q Nc6 43. Qf7#
1-0

[Event "Fagernes Chess International 2014"]
[Site "Fagernes"]
[Date "2014.04.13"]
[Round "4"]
[White "Berntsen-Øybø, August"]
[Black "Larsen, Per Magnus"]
[Result "1-0"]
[WhiteElo "1545"]
[BlackElo "1023"]
[PlyCount "109"]
[EventDate "2014.??.??"]

1. e4 c6 2. d4 d5 3. Nc3 dxe4 4. Nxe4 Bf5 5. Ng3 Bg6 6. Nf3 Nd7 7. h4 h6 8. h5
Bh7 9. Bd3 Bxd3 10. Qxd3 e6 11. Bf4 Ngf6 12. O-O c5 13. Be3 Qc7 14. dxc5 Bxc5
15. Bxc5 Qxc5 16. Rad1 Qc7 17. Rfe1 O-O 18. c3 Rad8 19. Qd6 Qc5 20. Qxc5 Nxc5
21. b3 Nd3 22. Re2 Nf4 23. Red2 Rxd2 24. Rxd2 Rc8 25. c4 Ng4 26. Rd4 e5 27.
Nxe5 Nxe5 28. Rxf4 Nd3 29. Rd4 Nc5 30. Nf5 Kf8 31. Rg4 Ne6 32. Nd6 Rc7 33. Nb5
Rc6 34. Nd4 Rd6 35. Nxe6+ fxe6 36. Kf1 Rd2 37. a3 Rb2 38. b4 Rb1+ 39. Ke2 Rb2+
40. Ke3 Rb3+ 41. Kd4 Rxa3 42. Kc5 Ra2 43. f3 Re2 44. Kd6 e5 45. Kc7 b6 46. c5
Rc2 47. c6 a5 48. b5 a4 49. Rxa4 Rxg2 50. Kb7 Rd2 51. c7 Rd7 52. Kxb6 Rd6+ 53.
Kc5 Ke7 54. c8=Q Rf6 55. Ra7#
1-0

[Event "Fagernes Chess International 2014"]
[Site "Fagernes"]
[Date "2014.04.13"]
[Round "4"]
[White "Risting, Eivind Olav"]
[Black "Bjornes, Leif"]
[Result "1-0"]
[WhiteElo "1743"]
[BlackElo "1873"]
[PlyCount "105"]
[EventDate "2014.??.??"]

1. d4 d5 2. Bg5 h6 3. Bh4 c6 4. e3 Qb6 5. Qc1 e5 6. Nf3 e4 7. Nfd2 Ne7 8. c4
Nf5 9. Bg3 Nxg3 10. hxg3 Na6 11. Nc3 Bb4 12. Be2 O-O 13. O-O Be6 14. c5 Qc7 15.
a3 Bxc3 16. Qxc3 Nb8 17. b4 a6 18. a4 Nd7 19. Rfb1 Rfb8 20. b5 axb5 21. axb5
Qd8 22. b6 Rxa1 23. Rxa1 Nf8 24. Ra7 Ng6 25. Nb3 Ne7 26. Na5 Bc8 27. Qa1 g6 28.
Nb3 Be6 29. Qa4 Kg7 30. Na5 Bc8 31. Qb4 Qe8 32. Ba6 bxa6 33. Rxe7 Qxe7 34. Nxc6
Rxb6 35. Qxb6 Qb7 36. Na5 Qd7 37. c6 Qg4 38. Qb3 Qe2 39. Qxd5 Bf5 40. Qe5+ Kh7
41. Qf6 Qe1+ 42. Kh2 Qxa5 43. Qxf7+ Kh8 44. c7 Qc3 45. Qf8+ Kh7 46. Qf7+ Kh8
47. d5 Qg7 48. Qxf5 Qxc7 49. Qf8+ Kh7 50. d6 Qc5 51. Qf7+ Kh8 52. Qf6+ Kh7 53.
d7
1-0

[Event "Fagernes Chess International 2014"]
[Site "Fagernes"]
[Date "2014.04.13"]
[Round "4"]
[White "Bue, Gunnar"]
[Black "Wærstad, Leif E"]
[Result "1/2-1/2"]
[WhiteElo "1693"]
[BlackElo "1560"]
[PlyCount "59"]
[EventDate "2014.??.??"]

1. d4 Nf6 2. c4 e6 3. Nf3 b6 4. e3 Bb7 5. Bd3 Bb4+ 6. Bd2 Bxd2+ 7. Nbxd2 O-O 8.
O-O d6 9. Qe2 Nbd7 10. Rac1 c5 11. e4 cxd4 12. Nxd4 Nc5 13. Bb1 d5 14. cxd5
exd5 15. Rfd1 Re8 16. e5 Nfe4 17. Nxe4 dxe4 18. b4 Nd3 19. Bxd3 exd3 20. Qxd3
Rxe5 21. Nf3 Qxd3 22. Rxd3 Rd5 23. Re3 Rd7 24. h3 h6 25. Ne5 Re7 26. Nc4 Rd7
27. Rce1 Rad8 28. a3 Kf8 29. Kh2 f6 30. Nb2
1/2-1/2

[Event "Fagernes Chess International 2014"]
[Site "Fagernes"]
[Date "2014.04.13"]
[Round "4"]
[White "Cerkezovic, Emir"]
[Black "Snerthammer, Daniel"]
[Result "0-1"]
[WhiteElo "1407"]
[BlackElo "1913"]
[PlyCount "124"]
[EventDate "2014.??.??"]

1. c4 e5 2. Nc3 Nc6 3. g3 g6 4. Bg2 Bg7 5. d3 d6 6. Nf3 Nge7 7. a3 O-O 8. O-O
Rb8 9. Bd2 Nf5 10. Rb1 a5 11. b4 axb4 12. axb4 Nfd4 13. b5 Nxf3+ 14. Bxf3 Nd4
15. Bg2 Bg4 16. h3 Be6 17. e3 Nf5 18. Na4 Qd7 19. c5 d5 20. Qc2 Ne7 21. Kh2 f5
22. f4 d4 23. c6 bxc6 24. bxc6 Qd6 25. exd4 Qxd4 26. Bc3 Qd6 27. fxe5 Bxe5 28.
Bxe5 Qxe5 29. Nc5 Rxb1 30. Rxb1 f4 31. Nxe6 fxg3+ 32. Kh1 Qxe6 33. Qb3 Qxb3 34.
Rxb3 Rf6 35. Rb8+ Rf8 36. Rb7 Rc8 37. h4 Kf7 38. Bh3 Nf5 39. h5 Ke7 40. hxg6
hxg6 41. Kg2 Kd6 42. Bxf5 gxf5 43. Kxg3 Kxc6 44. Rb4 Rg8+ 45. Kf3 Rg7 46. Ra4
Kd5 47. Ra5+ Kd4 48. Rxf5 Kxd3 49. Rd5+ Kc4 50. Rd1 Re7 51. Rc1+ Kb5 52. Rb1+
Kc6 53. Rc1+ Kb7 54. Rb1+ Kc8 55. Rc1 Re6 56. Kf4 c6 57. Kf5 Kd7 58. Ra1 Re2
59. Kf4 c5 60. Ra6 Re8 61. Ra3 Kc6 62. Rc3 Rd8
0-1

[Event "Fagernes Chess International 2014"]
[Site "Fagernes"]
[Date "2014.04.13"]
[Round "4"]
[White "Hølleland, Sigve"]
[Black "Dahl, Trygve"]
[Result "1-0"]
[WhiteElo "1871"]
[BlackElo "1867"]
[PlyCount "81"]
[EventDate "2014.??.??"]

1. d4 f5 2. Nf3 Nf6 3. Nc3 d5 4. Bg5 e6 5. e3 c6 6. Ne5 Nbd7 7. Bd3 Be7 8. Nxd7
Bxd7 9. f3 O-O 10. O-O Be8 11. Ne2 Qc7 12. Qe1 b6 13. Bf4 Qb7 14. Ng3 c5 15. c3
Bc6 16. Qe2 c4 17. Bc2 b5 18. b3 Nd7 19. e4 Bh4 20. exf5 exf5 21. Nxf5 Bf6 22.
Nd6 Qb6 23. Qe6+ Kh8 24. Nf7+ Rxf7 25. Qxf7 cxb3 26. axb3 b4 27. Rae1 Nf8 28.
Bd6 Ng6 29. Bxg6 hxg6 30. Bc5 Qb8 31. Re6 Qc8 32. Rxf6 gxf6 33. Be7 Qf5 34.
Bxf6+ Qxf6 35. Qxf6+ Kh7 36. Re1 Re8 37. Rxe8 Bxe8 38. Qe7+ Kh6 39. Qxe8 bxc3
40. f4 c2 41. Qh8#
1-0

[Event "Fagernes Chess International 2014"]
[Site "Fagernes"]
[Date "2014.04.13"]
[Round "4"]
[White "Flaata, Alexander R."]
[Black "Dybvik, Bjørn Noralf"]
[Result "1-0"]
[WhiteElo "2111"]
[BlackElo "1284"]
[PlyCount "69"]
[EventDate "2014.??.??"]

1. e4 c6 2. d4 d5 3. f3 e6 4. Nc3 Bb4 5. a3 Bxc3+ 6. bxc3 Ne7 7. Bd3 O-O 8. Nh3
Nd7 9. e5 f5 10. O-O Qb6 11. a4 a5 12. Ba3 Re8 13. Rb1 Qa7 14. f4 c5 15. Bb5
Nc6 16. Ng5 g6 17. Nf3 c4 18. Kh1 Nd8 19. Rg1 Nf7 20. Qe1 b6 21. Qh4 Ba6 22.
Be7 Bxb5 23. Rxb5 Ndxe5 24. dxe5 Rxe7 25. Rgb1 Ree8 26. Nd4 Qe7 27. Qxe7 Rxe7
28. Rxb6 Nd8 29. Rb8 Rxb8 30. Rxb8 Re8 31. Nc6 Nxc6 32. Rxe8+ Kf7 33. Rc8 Ne7
34. Rc5 h5 35. Rxa5
1-0

[Event "Fagernes Chess International 2014"]
[Site "Fagernes"]
[Date "2014.04.13"]
[Round "4"]
[White "Dyrhaug, Sverre S"]
[Black "Robertsen, Bjørn"]
[Result "0-1"]
[WhiteElo "1574"]
[BlackElo "1185"]
[PlyCount "100"]
[EventDate "2014.??.??"]

1. e4 c5 2. Nf3 d6 3. d4 cxd4 4. Nxd4 Nf6 5. Nc3 a6 6. Be2 e6 7. Be3 Be7 8. Qd2
Qc7 9. O-O-O b5 10. Bf3 Bb7 11. a3 Nbd7 12. Nb3 Ne5 13. Qd4 Nxf3 14. gxf3 Rc8
15. Rhg1 Kf8 16. Qb6 Qxb6 17. Bxb6 d5 18. Bd4 Rg8 19. e5 Nd7 20. a4 bxa4 21.
Nxa4 f6 22. f4 Kf7 23. Rd3 Rc4 24. Nc3 Nc5 25. Nxc5 Bxc5 26. Ne2 Bxd4 27. Nxd4
f5 28. c3 Bc6 29. Nxc6 Rxc6 30. Rd4 Rgc8 31. Kc2 Rc4 32. Rgd1 a5 33. Rxc4 Rxc4
34. Rd4 Rc5 35. Kd3 Rb5 36. Kc2 Ke7 37. Ra4 Kf7 38. Rd4 h6 39. f3 g5 40. h3 Kg6
41. Kc1 gxf4 42. Rxf4 Kg5 43. Rd4 f4 44. Ra4 Kf5 45. h4 Kxe5 46. Rd4 Kf5 47.
Kc2 e5 48. c4 Rxb2+ 49. Kxb2 exd4 50. c5 Ke6
0-1

[Event "Fagernes Chess International 2014"]
[Site "Fagernes"]
[Date "2014.04.13"]
[Round "4"]
[White "Torgersen, Terje"]
[Black "Fossan, Andreas"]
[Result "1/2-1/2"]
[WhiteElo "1970"]
[BlackElo "1699"]
[PlyCount "107"]
[EventDate "2014.??.??"]

1. e4 e6 2. d4 d5 3. Nc3 Bb4 4. e5 Ne7 5. Bd2 c5 6. Nb5 Bxd2+ 7. Qxd2 O-O 8.
dxc5 Nd7 9. f4 Nxc5 10. O-O-O Qb6 11. Nh3 Bd7 12. Nd4 Rac8 13. Kb1 Ne4 14. Qe1
Nc3+ 15. Ka1 Nxd1 16. Qxd1 Nf5 17. Nxf5 exf5 18. Bd3 Rc6 19. Qe2 Rfc8 20. g4
Rh6 21. Ng5 fxg4 22. f5 f6 23. e6 Be8 24. Nf7 Bxf7 25. exf7+ Kxf7 26. Re1 Qd6
27. Qxg4 Rxh2 28. Rg1 Rg8 29. Qb4 b6 30. Qa4 Qc7 31. a3 Rc8 32. Qb5 Qc6 33. Qb3
Kf8 34. Qb4+ Qc5 35. Qg4 Rc7 36. Re1 Re7 37. Rxe7 Qxe7 38. Qf4 Qe5 39. Qb4+ Qe7
40. Qf4 Rh1+ 41. Ka2 Rg1 42. Qh2 Rg5 43. Qxh7 Qc7 44. Qh8+ Ke7 45. Qg8 Qd7 46.
Qb8 Rg2 47. Qf4 Qd6 48. Qf3 Rg3 49. Qh1 Rg5 50. Qe1+ Qe5 51. Qb4+ Qd6 52. Qe1+
Kf8 53. Qh4 Ke7 54. Qe1+
1/2-1/2

[Event "Fagernes Chess International 2014"]
[Site "Fagernes"]
[Date "2014.04.13"]
[Round "4"]
[White "Galinskyi, Mykhalo"]
[Black "Langvik, Ulrikke"]
[Result "1-0"]
[WhiteElo "1448"]
[BlackElo "926"]
[PlyCount "85"]
[EventDate "2014.??.??"]

1. e4 e5 2. Nf3 Nc6 3. Bc4 Nf6 4. Ng5 d5 5. exd5 Na5 6. Bb5+ c6 7. dxc6 bxc6 8.
Be2 Bc5 9. Nc3 Bf5 10. d3 Qb6 11. O-O Bd6 12. Be3 Qxb2 13. Nce4 Nxe4 14. dxe4
Rd8 15. exf5 e4 16. Qc1 Qf6 17. Bg4 Rd7 18. Rb1 O-O 19. Bh3 Be7 20. Nxe4 Qe5
21. Ng3 f6 22. Qb2 Qc7 23. Rfd1 Nc4 24. Rxd7 Qxd7 25. Qb3 Qd5 26. Bxa7 Ra8 27.
Be3 Kf8 28. c3 Bd6 29. Rd1 Qf7 30. Bg4 Be7 31. Bh5 Qg8 32. Bc5 Bd6 33. Bxd6+
Nxd6 34. Qb4 g6 35. Qxd6+ Kg7 36. fxg6 hxg6 37. Qe7+ Kh6 38. Qxf6 Rf8 39. Nf5+
Kh7 40. Rd7+ Rf7 41. Rxf7+ Qxf7 42. Qxf7+ Kh8 43. Qg7#
1-0

[Event "Fagernes Chess International 2014"]
[Site "Fagernes"]
[Date "2014.04.13"]
[Round "4"]
[White "Ghaderi, Arman K"]
[Black "Laverton, Christian"]
[Result "0-1"]
[WhiteElo "1843"]
[BlackElo "2080"]
[PlyCount "62"]
[EventDate "2014.??.??"]

1. e4 c5 2. Nf3 e6 3. c4 Nc6 4. Nc3 Nf6 5. Be2 Qb6 6. O-O d6 7. a3 Bd7 8. d3
Be7 9. Be3 e5 10. Nd5 Nxd5 11. cxd5 Nd4 12. Bxd4 cxd4 13. b4 O-O 14. Nd2 f5 15.
Nc4 Qd8 16. Na5 Qb8 17. f3 Bd8 18. Nc4 b5 19. Nb2 Bg5 20. Qb3 Qe8 21. a4 a6 22.
axb5 axb5 23. Ra5 Rc8 24. Nd1 Rf6 25. Ra7 Rh6 26. f4 Bxf4 27. g3 Qg6 28. g4
Bxh2+ 29. Kg2 Rd8 30. exf5 Qg5 31. Nf2 Qh4
0-1

[Event "Fagernes Chess International 2014"]
[Site "Fagernes"]
[Date "2014.04.13"]
[Round "4"]
[White "Skjølingstad, Sverre"]
[Black "Gjertsen, Petter"]
[Result "0-1"]
[WhiteElo "1073"]
[BlackElo "1815"]
[PlyCount "72"]
[EventDate "2014.??.??"]

1. e4 d5 2. exd5 Nf6 3. Nc3 Nxd5 4. Nxd5 Qxd5 5. Nf3 Bg4 6. Be2 Nc6 7. d4 O-O-O
8. Be3 h6 9. b3 e6 10. g3 Bb4+ 11. Kf1 Bc3 12. Rc1 Bxd4 13. Bxd4 Nxd4 14. Qxd4
Bxf3 15. Qxd5 Bxd5 16. f3 c5 17. c4 Bc6 18. Kf2 Rd2 19. Ra1 Rhd8 20. Rhd1 Kc7
21. Ke3 Rxd1 22. Rxd1 Rxd1 23. Bxd1 e5 24. f4 exf4+ 25. Kxf4 Kd6 26. Kf5 Bd7+
27. Kf4 g5+ 28. Ke4 f5+ 29. Ke3 Ke5 30. Bh5 Bc6 31. Be2 Be4 32. a3 a5 33. Bd1
b6 34. a4 Bb1 35. h3 Be4 36. Kd2 f4
0-1

[Event "Fagernes Chess International 2014"]
[Site "Fagernes"]
[Date "2014.04.13"]
[Round "4"]
[White "Hansen, Linda Marie"]
[Black "Ødegaard, Karl Eirik"]
[Result "1-0"]
[WhiteElo "1685"]
[BlackElo "1257"]
[PlyCount "58"]
[EventDate "2014.??.??"]

1. e4 e5 2. d4 exd4 3. c3 d6 4. Bc4 Nf6 5. Bg5 Be7 6. Qxd4 O-O 7. f3 Nc6 8. Qd1
a6 9. Ne2 Na5 10. Bd3 Bd7 11. Nd2 b5 12. O-O c5 13. Ng3 c4 14. Bc2 g6 15. f4
Ne8 16. Bh6 Ng7 17. f5 Re8 18. Qf3 f6 19. e5 Qb6+ 20. Kh1 Bc6 21. Qg4 Qb7 22.
Rf2 g5 23. e6 d5 24. h4 Bc5 25. Re2 d4 26. cxd4 Bxd4 27. Qxd4 Rad8 28. Qxf6
Bxg2+ 29. Kh2 Qc7
1-0

[Event "Fagernes Chess International 2014"]
[Site "Fagernes"]
[Date "2014.04.13"]
[Round "4"]
[White "Yilmaz, Kazim"]
[Black "Heier, Odin Nikolai"]
[Result "1/2-1/2"]
[WhiteElo "1683"]
[BlackElo "1488"]
[PlyCount "39"]
[EventDate "2014.??.??"]

1. Nf3 d5 2. c4 e6 3. d4 Nf6 4. Nc3 Be7 5. g3 O-O 6. Bg2 b6 7. O-O Bb7 8. cxd5
Nxd5 9. Re1 c5 10. e4 Nf6 11. a4 cxd4 12. Nxd4 Bc5 13. Be3 Nbd7 14. Nb3 Qc7 15.
Nxc5 Nxc5 16. Bxc5 bxc5 17. e5 Ne8 18. Nb5 Qb6 19. Bxb7 Qxb7 20. Rb1
1/2-1/2

[Event "Fagernes Chess International 2014"]
[Site "Fagernes"]
[Date "2014.04.13"]
[Round "4"]
[White "Landsverk, Ida"]
[Black "Heitun, Odd Gunnar"]
[Result "0-1"]
[WhiteElo "1160"]
[BlackElo "1273"]
[PlyCount "68"]
[EventDate "2014.??.??"]

1. c4 Nf6 2. g3 e5 3. Nc3 Bb4 4. Bg2 O-O 5. Nf3 Re8 6. O-O c6 7. d3 d5 8. Bg5
h6 9. Bxf6 Qxf6 10. cxd5 Bxc3 11. bxc3 cxd5 12. Qa4 Bd7 13. Qb3 Bc6 14. c4 dxc4
15. Qxc4 Nd7 16. Rab1 Rac8 17. Qg4 e4 18. Nh4 g5 19. Nf5 h5 20. Qh3 exd3 21.
Bxc6 bxc6 22. exd3 Ne5 23. f4 Ng4 24. fxg5 Qxg5 25. Rf4 Nf6 26. Rbf1 Rcd8 27.
d4 Re4 28. Rxe4 Nxe4 29. Qg2 Re8 30. Qf3 Re6 31. Nh6+ Qxh6 32. Qxf7+ Kh8 33.
Qf8+ Qxf8 34. Rxf8+ Kg7
0-1

[Event "Fagernes Chess International 2014"]
[Site "Fagernes"]
[Date "2014.04.13"]
[Round "4"]
[White "Juriloo, Karl"]
[Black "Machlik, Edit"]
[Result "0-1"]
[WhiteElo "1409"]
[BlackElo "1913"]
[PlyCount "81"]
[EventDate "2014.??.??"]

1. e4 c5 2. Nf3 a6 3. c3 d5 4. exd5 Qxd5 5. d4 e6 6. Be2 Nf6 7. c4 Qd6 8. Be3
cxd4 9. Bxd4 Be7 10. Nc3 O-O 11. O-O Nbd7 12. Qc2 Qc7 13. Ne4 Nxe4 14. Qxe4 Nf6
15. Qe3 Ng4 16. Qb3 Qf4 17. h3 Nf6 18. Be5 Qe4 19. Bd3 Qc6 20. Rfe1 Nd7 21. Qc2
h6 22. Rad1 Nxe5 23. Nxe5 Qc7 24. Qe2 Bb4 25. Rf1 Bd6 26. f4 Rb8 27. Qe4 f5 28.
Qe2 Qa5 29. a3 Qc7 30. b4 b6 31. Bc2 a5 32. bxa5 bxa5 33. Rf3 Ba6 34. Qd2 Bxe5
35. fxe5 Qxe5 36. Re1 Qc5+ 37. Kh1 Bxc4 38. Qc3 Rbc8 39. Re5 Bd5 40. Qxc5 Rxc5
41. Rf2
0-1